| LEADER 00000nam 2200000uu 4500 |
| 001 211891 |
| 003 ULIBM |
| 008 020711s2560 th a 000 0 tha d |
| 020 9786163990556
|
| 050 อ DS 578.32.S57 จ567 2560
|
| 245 7 รอบ พระชนมพรรษา พระบรมราชินีนาถคู่พระบารมี/^bจัดทำโดยคณะกรรมการจัดทำหนังสือที่ระลึกเฉลิมพระเกียรติพระบาทสมเด็จพระเจ้าอยู่หัว เนื่องในโอกาสการจัดงานฉลองสิริราชสมบัติ 70 ปี และเฉลิมพระเกียรติสมเด็จพระนางเจ้าสิริกิติ์ พระบรมราชินีนาถ เนื่องในโอกาสพระราชพิธีมหามงคลเฉลิมพระชนมพรรษา 7 รอบ 12 สิงหาคม 2559
|
| 250 พิมพ์ครั้งที่ 1
|
| 260 กรุงเทพฯ :^bสำนักงานเลขาธิการสภาผู้แทนราษฎร,^c2560
|
| 300 250 หน้า :^bภาพประกอบ ;^c30 ซม.
|
| 650 4 สิริกิติ์ พระบรมราชินีนาถ,สมเด็จพระนางเจ้า,2475^xพระราชประวัติ
|
| 650 4 ^aสิริกิติ์ พระบรมราชินีนาถ,สมเด็จพระนางเจ้า,2475^xพระราชกรณียกิจ
|
| 710 2 ^aสำนักงานเลขาธิการสภาผู้แทนราษฎร
|
| 999 ^aใช้งานได้ทุกระบบ
|